000 00346nam a2200157Ia 4500
003 OSt
005 20231222112500.0
008 170524s9999 xx 000 0 und d
020 _a8131703118
040 _cIIMT UNIVERSITY
100 _aOgata K
245 0 _aModern Control Engineering
260 _bPearson
260 _c2007
942 _2ddc
_c02
999 _c4831
_d4831